[Event "JUG-ch"]
[Site "Kladovo"]
[Date "1992.??.??"]
[Round "11"]
[White "Todorovic, Goran N"]
[Black "Milenkovic, Mladen"]
[Result "1-0"]
[WhiteElo "2410"]
[BlackElo "2235"]

1.c4 Nf6 2.Nc3 c5 3.Nf3 g6 4.d4 cxd4 5.Nxd4 Nc6 6.g3 Bg7 7.Bg2 O-O 8.O-O Nxd4
9.Qxd4 d6 10.Qd3 Qa5 11.Bd2 Qh5 12.b3 Bf5 13.e4 Bh3 14.f3 Bxg2 15.Kxg2 Qe5
16.Rac1 Qe6 17.Rfe1 Qd7 18.Bg5 Rad8 19.Qd2 Kh8 20.Nd5 Ng8 21.Be3 b6 22.Bd4 Bxd4
23.Qxd4+ f6 24.f4 Kg7 25.f5 e6 26.fxe6 Qxe6 27.Nc7 Qe7 28.Nb5 Nh6 29.Rcd1 Nf7
30.a4 Rfe8 31.Nc3 Ng5 32.Nd5 Qe5 33.Nc7 Re7 34.Nb5 Ne6 35.Qxe5 dxe5 36.Rxd8 Nxd8
37.Nc3 Nc6 38.Nd5 Rd7 39.g4 h6 40.Re3 Ne7 41.Nxe7 Rxe7 42.Rd3 Kf7 43.Rd6 Rb7
44.Kf3 Ke7 45.Rd5 Rb8 46.Ke3 Ke6 47.b4 h5 48.gxh5 Rh8 49.hxg6 Rh3+ 50.Kf2 Rxh2+
51.Kg3 Rh6 52.c5 Rxg6+ 53.Kf3 bxc5 54.Rxc5 Rg1 55.Rc6+ Kd7 56.Ra6 Rf1+ 57.Ke3 Rb1
58.Rxa7+ Kc6 59.Ra6+ Kb7 60.b5 Rb4  1-0

[Event "Komotini op"]
[Site "Komotini"]
[Date "1992.??.??"]
[Round "?"]
[White "Skembris, Spyridon"]
[Black "Mastrokoukos, Georgios"]
[Result "1-0"]
[WhiteElo "2520"]
[BlackElo "2345"]

1.Nf3 c5 2.c4 Nf6 3.Nc3 g6 4.e4 Bg7 5.d4 Qa5 6.Bd3 cxd4 7.Nxd4 Nc6 8.Nb3 Qd8
9.O-O O-O 10.f4 d6 11.Kh1 Bd7 12.Be3 a5 13.Na4 Nb4 14.Nb6 Nxd3 15.Qxd3 Bc6
16.Nxa8 Bxe4 17.Qe2 Qxa8 18.Bd4 Re8 19.Rae1 a4 20.Nd2 Bc6 21.f5 Qc8 22.Qd3 Qd7
23.b3 gxf5 24.Bxf6 Bxf6 25.Rxf5 Bg7 26.Ref1 Qe6 27.R5f4 axb3 28.Nxb3 Qg6
29.Qe2 Kh8 30.Nd4 Be5 31.Rh4 Qg5 32.Nxc6 Qxh4 33.Nxe5 dxe5 34.Rxf7 Qg5 35.h3 Rg8
36.Qe4 Rg7 37.Rf8+ Rg8 38.Rf5 Qc1+ 39.Kh2 Qc3 40.Qxe5+ Qxe5+ 41.Rxe5 Rc8
42.Rxe7 Rxc4 43.Rxb7 Rc2 44.a4 Ra2 45.Ra7 Kg8 46.a5 Ra3 47.a6 Kh8 48.g4 h6
49.Kg2 Kg8 50.h4 Kf8 51.Kf2 Kg8 52.Ke2 Kf8 53.Kd2 Kg8 54.Kc2 Kf8 55.Kb2 Ra5
56.Kb3 Rb5+ 57.Ka4 Rb6 58.Ka5 Rb1 59.Rb7 Ra1+ 60.Kb6  1-0

[Event "Ljubljana op"]
[Site "Ljubljana"]
[Date "1992.??.??"]
[Round "8"]
[White "Barle, Janez"]
[Black "Shipov, Sergei"]
[Result "0-1"]
[WhiteElo "2430"]
[BlackElo "2460"]

1.Nf3 Nf6 2.c4 c5 3.Nc3 e6 4.e3 b6 5.b3 Bb7 6.Bb2 Be7 7.Be2 O-O 8.O-O Nc6
9.d4 cxd4 10.Nxd4 a6 11.Rc1 Rc8 12.Bf3 d6 13.Qd2 Rc7 14.Nxc6 Bxc6 15.Bxc6 Rxc6
16.f4 Qd7 17.f5 b5 18.cxb5 axb5 19.Qd3 b4 20.Ne4 Rxc1 21.Rxc1 e5 22.Nxf6+ Bxf6
23.a4 bxa3 24.Bxa3 Rd8 25.Kf1 d5 26.e4 Qb7 27.exd5 Rxd5 28.Qc4 Rd8 29.Bc5 h5
30.Be3 Rb8 31.Rc3 e4 32.Rc1 Qxb3 33.Qxe4 Qb5+ 34.Kg1 Re8 35.Qf3 Qb2 36.Rd1 Qc3
37.Bb6 Qxf3 38.gxf3 Re5 39.Bd8 Rxf5 40.Bxf6 Rxf6 41.Kg2 Kh7 42.Rd5 Kg6 43.h4 Rf5
44.Rd6+ Kh7 45.Kg3 g6 46.Ra6 Kg7 47.Rb6 Rf6 48.Rb7 Rc6 49.Ra7 Kf6 50.Rb7 Rd6
51.Rb5 Rd7 52.Ra5 Ke6 53.Rb5 Rd5 54.Rb6+ Ke5 55.Rb7 f6 56.Rg7 Kf5 57.Rb7 Rd8
58.Ra7 Re8 59.Rb7 g5 60.hxg5 Kxg5 61.Rg7+ Kf5 62.Rb7 Kg6 63.Ra7 Rd8 64.Ra5 Rd4
65.Rb5 h4+ 66.Kh3 f5 67.Rb8 Kf6 68.Rh8 Ke5 69.Kg2 Rd2+ 70.Kf1 Kf4 71.Rxh4+ Kg3
72.Rh5 f4 73.Ra5 Rf2+ 74.Kg1 Rb2 75.Kf1 Rb3 76.Ra2 Rb1+ 77.Ke2 Kg2 78.Ra3 Rb8
79.Rc3 Re8+ 80.Kd1 Kf2  0-1

[Event "Lloyds Bank op"]
[Site "London"]
[Date "1992.??.??"]
[Round "?"]
[White "Van der Sterren, Paul"]
[Black "Piper, Matthew"]
[Result "1-0"]
[WhiteElo "2530"]
[BlackElo "2235"]

1.Nf3 Nf6 2.c4 e6 3.Nc3 c5 4.g3 b6 5.Bg2 Bb7 6.O-O Be7 7.d4 cxd4 8.Qxd4 d6
9.Rd1 a6 10.Ng5 Bxg2 11.Kxg2 Nc6 12.Qf4 O-O 13.Nge4 Nxe4 14.Nxe4 Ne5 15.b3 Qc7
16.Ba3 Rad8 17.Bxd6 Bxd6 18.Nxd6 Ng6 19.Qd4 Ne7 20.e4 Nc6 21.Qd2 e5 22.Qd5 Nd4
23.Rxd4 exd4 24.e5 Kh8 25.Rd1 f6 26.f4 fxe5 27.fxe5 Rd7 28.Rxd4 Rfd8 29.b4 h6
30.c5 bxc5 31.bxc5 Rb8 32.e6 Re7 33.Rf4 a5 34.Kh3 Kh7 35.Rg4 Rd8 36.Qe4+ Kg8
37.Nf5 Ree8 38.Nxh6+  1-0

[Event "Lloyds Bank op"]
[Site "London"]
[Date "1992.??.??"]
[Round "?"]
[White "Wells, Peter K"]
[Black "Harley, Andrew"]
[Result "0-1"]
[WhiteElo "2455"]
[BlackElo "2280"]

1.Nf3 Nf6 2.c4 c5 3.Nc3 d5 4.cxd5 Nxd5 5.e4 Nb4 6.Bc4 Nd3+ 7.Ke2 Nf4+ 8.Kf1 Ne6
9.b4 g6 10.bxc5 Bg7 11.Bb2 Nc6 12.Rb1 Nxc5 13.d4 Nxd4 14.Nd5 Nde6 15.Bxg7 Nxg7
16.Qd4 Nce6 17.Bb5+ Kf8 18.Qc3 Bd7 19.Bxd7 Qxd7 20.Ne5 Qa4 21.h4 f6 22.Qc4 Qxc4+
23.Nxc4 Rc8 24.Nce3 Nc5 25.Ke2 Kf7 26.Rhc1 b6 27.Rb4 Rhd8 28.Rbc4 Ne8 29.f3 e6
30.Nf4 Nd6 31.R4c2 Nb5 32.Rc4 Nd4+ 33.Kf1 Nc6 34.Ng4 Rd2 35.a4 Na5 36.R4c3  0-1

[Event "Lloyds Bank op"]
[Site "London"]
[Date "1992.??.??"]
[Round "?"]
[White "Ward, Christopher"]
[Black "Mortazavi, Ali"]
[Result "1-0"]
[WhiteElo "2440"]
[BlackElo "2320"]

1.c4 c5 2.Nf3 Nf6 3.Nc3 e6 4.d4 cxd4 5.Nxd4 Be7 6.Bf4 a6 7.e3 O-O 8.Be2 d6
9.Bg3 Nbd7 10.O-O Qc7 11.b4 Ne5 12.Qb3 Bd7 13.Rac1 Rac8 14.Bxe5 dxe5 15.Nf3 e4
16.Nd4 e5 17.Nc2 Be6 18.Na3 b5 19.Naxb5 axb5 20.Nxb5 Qb8 21.a4 Ne8 22.Qb1 f5
23.c5 Qa8 24.Qc2 Kh8 25.Bc4 Bxc4 26.Qxc4 Rf6 27.Nc3 Rg6 28.Qf7 Bxc5 29.bxc5 Nf6
30.Nb5 f4 31.c6 f3 32.g3 Rxc6 33.Na7 Ng8 34.Rxc6 Rxc6 35.Nxc6 Qxc6 36.h3 Qxa4
37.Rc1 Qb5 38.Qc4 Qd7 39.Qc3 Qd5 40.Qc5 Qd2 41.Qc2 Qd5 42.Rd1 Qa8 43.Qc7 Qa4
44.Rb1 Qa2 45.Rb7  1-0

[Event "Balkaniad"]
[Site "Mangalia"]
[Date "1992.??.??"]
[Round "2"]
[White "Musat, Adrian"]
[Black "Tzermiadianos, Andreas"]
[Result "0-1"]
[WhiteElo "2285"]
[BlackElo "2265"]

1.Nf3 Nf6 2.c4 c5 3.Nc3 g6 4.d4 Bg7 5.e4 Qa5 6.Bd3 cxd4 7.Nxd4 Nc6 8.Nb3 Qd8
9.O-O d6 10.Kh1 O-O 11.Be2 Bd7 12.c5 dxc5 13.Nxc5 Bc8 14.Be3 Qxd1 15.Raxd1 Ng4
16.Bg5 Bd4 17.Nd3 f6 18.Bc1 Nce5 19.Nxe5 fxe5 20.Bxg4 Bxg4 21.f3 Be6 22.Nd5 Bxd5
23.exd5 Rad8 24.Bh6 Rf6 25.Rc1 Rfd6 26.Rc7 R6d7 27.Rfc1 Kf7 28.d6 Rxd6 29.Rxb7 Bxb2
30.Rg1 Bd4 31.Rf1 Bb6 32.g3 Rd1 33.Kg2 Rxf1 34.Kxf1 Rd1+ 35.Ke2 Ra1 36.Bg5 Rxa2+
37.Kd3 Bc5 38.h4 Bd6  0-1

[Event "Manila ol (Men)"]
[Site "Manila"]
[Date "1992.??.??"]
[Round "?"]
[White "Panno, Oscar"]
[Black "Annageldiev, Orazly"]
[Result "1/2-1/2"]
[WhiteElo "2465"]
[BlackElo "2420"]

1.c4 c5 2.Nf3 Nf6 3.Nc3 e6 4.g3 b6 5.Bg2 Bb7 6.O-O d6 7.d4 cxd4 8.Qxd4 Be7
9.Rd1 O-O 10.b3 Nbd7 11.e4 Nc5 12.e5 dxe5 13.Qxe5 Qb8 14.Bf4 Qxe5 15.Nxe5 Bxg2
16.Kxg2 Nfe4 17.Nxe4 Nxe4 18.Rd4 Nc5 19.Rad1 Bf6 20.h4 Rfc8 21.Rd6 Be7 22.R6d2 f6
23.Nd3 Ne4 24.Rc2 Rd8 25.f3 Nc5 26.Rcd2 Nxd3 27.Rxd3 Rxd3 28.Rxd3 Rd8 29.Rxd8+ Bxd8
30.h5 Kf7 31.a4 e5 32.Be3 Be7 33.a5 Bc5 34.axb6 axb6 35.Kf2 Ke6 36.Ke2 Kd6
37.Bd2 g6 38.hxg6 hxg6 39.b4 Bd4 40.Kd3 f5 41.g4 Ke6 42.Bg5 Bf2 43.gxf5+ gxf5
44.Be3 Bxe3 45.Kxe3 Kd6  1/2-1/2

[Event "Manila ol (Men)"]
[Site "Manila"]
[Date "1992.??.??"]
[Round "?"]
[White "Ginting, Nasib"]
[Black "Rytshagov, Mikhail"]
[Result "1/2-1/2"]
[WhiteElo "2430"]
[BlackElo "2385"]

1.Nf3 Nf6 2.c4 c5 3.Nc3 d5 4.cxd5 Nxd5 5.g3 g6 6.Bg2 Bg7 7.d4 cxd4 8.Nxd4 Nxc3
9.bxc3 O-O 10.O-O Nc6 11.Be3 Bd7 12.Rb1 Na5 13.Bxb7 Nxb7 14.Rxb7 Qc8 15.Qb1 e5
16.Nf3 a6 17.Qb6 Bb5 18.Rc7 Qg4 19.c4 Bxc4 20.h3 Qe6 21.Rc6 Qd5 22.Rc5 Qe6
23.Rc6 Qd5 24.Rc5 Qe6 25.Rc6  1/2-1/2

[Event "Manila ol (Men)"]
[Site "Manila"]
[Date "1992.??.??"]
[Round "?"]
[White "Lautier, Joel"]
[Black "Damaso, Rui"]
[Result "1-0"]
[WhiteElo "2580"]
[BlackElo "2450"]

1.c4 b6 2.Nc3 c5 3.Nf3 Nf6 4.e4 d6 5.d4 cxd4 6.Nxd4 Bb7 7.Qe2 g6 8.g3 Bg7
9.Bg2 Nbd7 10.O-O Rc8 11.b3 O-O 12.Bb2 Rc5 13.Rad1 Qa8 14.Rfe1 Re8 15.f4 a6
16.b4 e5 17.bxc5 exd4 18.c6 Bxc6 19.Rxd4 Nc5 20.Rxd6 Nfxe4 21.Nxe4 Bxe4 22.Bxg7 Kxg7
23.Qb2+ Kh6 24.f5 Bxg2 25.Qd2+ Kh5 26.Rxe8 Qxe8 27.Kxg2 Qe4+ 28.Kg1 Qxc4
29.Rd4  1-0

[Event "Mar del Plata op"]
[Site "Mar del Plata"]
[Date "1992.??.??"]
[Round "5"]
[White "Llanos, Guillermo"]
[Black "Colombo Berra, Fernando"]
[Result "0-1"]
[WhiteElo "2355"]
[BlackElo "2225"]

1.Nf3 Nf6 2.c4 c5 3.Nc3 d5 4.cxd5 Nxd5 5.e3 Nc6 6.Bb5 Bg4 7.Qa4 Nb4 8.Bxc6+ bxc6
9.Ne5 Bf5 10.O-O Qd6 11.e4 Be6 12.a3 Nc2 13.Qxc2 Qxe5 14.d3 g6 15.Be3 Bg7
16.f4 Qh5 17.Ne2 O-O 18.Bxc5 Bb3 19.Qxb3 Qxc5+ 20.Kh1 Rab8 21.Qa4 Rxb2 22.Rac1 Qe3
23.Ng3 h5 24.Rcd1 Qb6 25.e5 Rb8 26.Ne4 Bh6 27.Nd2 Qc5 28.Nc4 Ra2 29.Rf3 Qd4
30.Qxc6 Ra1 31.Rff1 Rxd1 32.Rxd1 Qxd3  0-1

[Event "Massy op"]
[Site "Massy"]
[Date "1992.??.??"]
[Round "7"]
[White "Le Bideau, Alain"]
[Black "Derieux, Christian"]
[Result "1/2-1/2"]
[WhiteElo "2275"]
[BlackElo "2220"]

1.c4 Nf6 2.Nc3 c5 3.Nf3 d5 4.cxd5 Nxd5 5.d4 Nxc3 6.bxc3 g6 7.e4 Bg7 8.Rb1 O-O
9.Be2 Qc7 10.O-O Bg4 11.Be3 Rd8 12.Qb3 Bxf3 13.Bxf3 Nc6 14.d5 Na5 15.Qb5 b6
16.c4 Nb7 17.g3 Nd6 18.Qb3 Rab8 19.Bf4 e5 20.dxe6 fxe6 21.Rbd1 e5 22.Bg5 Rf8
23.Bg2 Nf7 24.Be3 Nd8 25.Bh3 Rf7 26.Rd5 Kh8 27.Rfd1 Nc6 28.Rd7 Rxd7 29.Rxd7 Qc8
30.Qa4 a6 31.Rxg7 Qxh3 32.Qxc6 Rd8 33.Rd7 Rxd7 34.Qc8+ Kg7 35.Bd2 Qg4 36.f3 Qe6
37.g4 Qf7 38.Bc3 Re7 39.Qb8 Qe6 40.Kf2 a5 41.f4 Qxc4 42.Bxe5+ Kf7 43.Qxb6 Qxa2+
44.Kg3 Qe6 45.Qxc5 g5 46.Qxa5  1/2-1/2

[Event "Capablanca mem-C"]
[Site "Matanzas"]
[Date "1992.??.??"]
[Round "2"]
[White "Alvarez Ibarra, D Rafael"]
[Black "Larduet, Carlos"]
[Result "1/2-1/2"]
[WhiteElo "2360"]
[BlackElo "2335"]

1.Nf3 c5 2.c4 Nf6 3.Nc3 b6 4.g3 Bb7 5.Bg2 g6 6.O-O Bg7 7.Re1 O-O 8.e4 d6
9.d4 cxd4 10.Nxd4 Qc8 11.b3 Nbd7 12.Bb2 a6 13.Rc1 e6 14.Nc2 Qc7 15.Ba3 Ne8
16.Ne3 Rd8 17.Bb2 Qb8 18.Qe2 Nef6 19.Rcd1 Rfe8 20.Ng4 Nxg4 21.Qxg4 b5 22.cxb5 axb5
23.Qe2 Bc6 24.Rc1 Qa8 25.Nd1 Bxb2 26.Nxb2 Nc5  1/2-1/2

[Event "Capablanca mem-C"]
[Site "Matanzas"]
[Date "1992.??.??"]
[Round "3"]
[White "Pina, Ulises"]
[Black "Gallego, Ruben"]
[Result "1-0"]
[WhiteElo "2355"]
[BlackElo "2260"]

1.Nf3 Nf6 2.c4 c5 3.Nc3 b6 4.g3 e6 5.Bg2 Bb7 6.O-O Be7 7.b3 d5 8.Bb2 d4 9.Nb1 Qc7
10.e3 e5 11.exd4 exd4 12.b4 O-O 13.d3 Nc6 14.b5 Nd8 15.Nbd2 a6 16.a4 axb5
17.cxb5 Nd5 18.Rc1 Qd7 19.Ne5 Qf5 20.Re1 Bf6 21.Be4 Qh3 22.Qf3 Qe6 23.Nc6 Nxc6
24.Bxh7+ Kxh7 25.Rxe6 fxe6 26.bxc6 Bxc6 27.Qe4+ Kh8 28.Qxe6 Nb4 29.Ba3 Bd5
30.Qf5 Rfd8 31.Bxb4 cxb4 32.Ne4 Bxe4 33.dxe4 d3 34.e5 d2 35.Rd1 Be7 36.Qh3+ Kg8
37.Qe6+ Kf8 38.Qa2 Rd3 39.Qc4 Rad8 40.Qf4+ Kg8 41.e6 Rf8 42.Qe4 Rfd8 43.Qg6 Rf3
44.Kg2 Rf6 45.Qc2 Rxe6 46.Rxd2 Rxd2 47.Qxd2 Re5 48.Qd4 Re6 49.Qd5 Kf7 50.f4 Kf6
51.Kf3 Rd6 52.Qb5 Kf7 53.h4 Rh6 54.h5 Kf8 55.g4 Kf7 56.g5 Rxh5 57.Qxb6 Rh3+
58.Kg4 Ra3 59.g6+ Ke8 60.a5 b3 61.a6 Kd7 62.Qb7+  1-0

[Event "Mlada Boleslav op"]
[Site "Mlada Boleslav"]
[Date "1992.??.??"]
[Round "4"]
[White "Pala, Vladimir"]
[Black "Horak, Michal"]
[Result "1/2-1/2"]
[WhiteElo "2275"]
[BlackElo "2300"]

1.c4 Nf6 2.Nc3 c5 3.Nf3 g6 4.d4 Bg7 5.g3 O-O 6.Bg2 Nc6 7.O-O d6 8.d5 Na5
9.Nd2 a6 10.Rb1 Bd7 11.b3 b5 12.Bb2 Rb8 13.Qc2 bxc4 14.bxc4 Ng4 15.Nd1 e5
16.h3 Nh6 17.Bc3 Qc7 18.Ne3 f5 19.Rxb8 Rxb8 20.Rb1 Rxb1+ 21.Qxb1 Nf7 22.Qb2 Nb7
23.Nc2 Kf8 24.e3 Bf6 25.Ne1 Bd8 26.f4 Qb6 27.Qa1 a5 28.Nd3 e4 29.Nf2 a4 30.g4 Qa6
31.Bf1  1/2-1/2

[Event "Mlada Boleslav op"]
[Site "Mlada Boleslav"]
[Date "1992.??.??"]
[Round "5"]
[White "Ivanov, Timur"]
[Black "Jurka, Miroslav"]
[Result "1-0"]
[WhiteElo "2310"]
[BlackElo "2355"]

1.Nf3 c5 2.c4 Nf6 3.Nc3 e6 4.e3 b6 5.d4 cxd4 6.exd4 Bb7 7.a3 d5 8.cxd5 Nxd5
9.Ne5 a6 10.Qh5 g6 11.Qf3 f6 12.Ng4 Bg7 13.Bc4 O-O 14.O-O Qd6 15.Bh6 Bxh6
16.Nxh6+ Kg7 17.Ng4 Nd7 18.Bxd5 Bxd5 19.Nxd5 Qxd5 20.Qxd5 exd5 21.Ne3 Rfd8
22.Rac1 Ra7 23.Rc6 b5 24.Rfc1 Nf8 25.Rc7+ Rxc7 26.Rxc7+ Rd7 27.Rxd7+ Nxd7
28.Nxd5 Nb8 29.Kf1 Kf7 30.Ke2 Ke6 31.Nc3 Nd7 32.Kd3 Nb6 33.b3 f5 34.g3 Kd6
35.a4 bxa4 36.Nxa4 Nd7 37.f3 Kd5 38.Ke3 g5 39.Nc3+ Ke6 40.Kd3 h5 41.Ke3 Nf6
42.Na4 Nd5+ 43.Kd3 Kd6 44.Nc5 Nb4+ 45.Kc3 Nd5+ 46.Kd2 Nc7 47.Kd3 Kd5 48.Nd7 Ke6
49.Nb6 Kd6 50.Nc4+ Ke6 51.Ne3 Ne8 52.Ng2 Nf6 53.h4 g4 54.Nf4+ Kd6 55.fxg4 fxg4
56.Kc4  1-0

[Event "Mlada Boleslav op"]
[Site "Mlada Boleslav"]
[Date "1992.??.??"]
[Round "8"]
[White "Koskinen, Henri"]
[Black "Jurka, Miroslav"]
[Result "1/2-1/2"]
[WhiteElo "2240"]
[BlackElo "2355"]

1.c4 Nf6 2.Nf3 c5 3.Nc3 e6 4.e3 Nc6 5.d4 d5 6.a3 dxc4 7.Bxc4 cxd4 8.exd4 Be7
9.O-O O-O 10.Re1 a6  1/2-1/2

[Event "Moscow Tal mem"]
[Site "Moscow"]
[Date "1992.??.??"]
[Round "?"]
[White "Samarin, Igor"]
[Black "Sorokin, Maxim"]
[Result "1/2-1/2"]
[WhiteElo "2390"]
[BlackElo "2550"]

1.Nf3 c5 2.c4 Nf6 3.Nc3 e6 4.g3 b6 5.Bg2 Bb7 6.O-O d6 7.Re1 Nbd7 8.e4 Ne5
9.d4 Nxf3+ 10.Bxf3 cxd4 11.Qxd4 Be7 12.b3 O-O 13.Ba3  1/2-1/2

[Event "Moscow Tal mem"]
[Site "Moscow"]
[Date "1992.??.??"]
[Round "?"]
[White "Belov, Igor"]
[Black "Yagupov, Igor"]
[Result "0-1"]
[WhiteElo "2440"]
[BlackElo "2400"]

1.Nf3 c5 2.c4 Nf6 3.Nc3 e6 4.g3 b6 5.Bg2 Bb7 6.O-O a6 7.Re1 Be7 8.e4 d6 9.d4 cxd4
10.Nxd4 Qc7 11.Be3 O-O 12.Rc1 Nbd7 13.f4 Rfe8 14.g4 Nf8 15.g5 N6d7 16.b3 Rac8
17.f5 Qb8 18.fxe6 fxe6 19.Rf1 Bd8 20.Bh3 Re7 21.Rc2 Bc7 22.Rcf2 Rce8 23.Qh5 Ng6
24.Qe2 Nc5 25.Bd2 d5 26.cxd5 exd5 27.Nf5 Re5 28.Nxg7 Nxe4 29.Nxe8 Qxe8 30.Nxe4 Rxe4
31.Qf3 Nf4 32.Bxf4 Rxf4 33.Qe2 Be5 34.Qd2 Rh4 35.Rf8+ Qxf8 36.Be6+ Kg7 37.Rxf8 Kxf8
38.Qf2+ Rf4 39.Qxb6 Bd4+  0-1

[Event "Moscow-ch"]
[Site "Moscow"]
[Date "1992.??.??"]
[Round "?"]
[White "Kovalevsky, Armen"]
[Black "Pripis, Felixs L"]
[Result "0-1"]
[WhiteElo "2405"]
[BlackElo "2320"]

1.Nf3 c5 2.c4 Nf6 3.Nc3 b6 4.g3 Bb7 5.Bg2 g6 6.O-O Bg7 7.d4 cxd4 8.Qxd4 d6
9.b3 Nbd7 10.Bb2 O-O 11.Rac1 Rc8 12.Rfd1 Re8 13.h3 Rc5 14.b4 Rc8 15.Nd5 a6
16.Ne1 Ba8 17.Nd3 e5 18.Qe3 Nxd5 19.Bxd5 e4 20.Bxg7 exd3 21.Qxd3 Kxg7 22.Bxa8 Rxa8
23.Qxd6 Nf6 24.Qc6 Qc8 25.Rd6 Qxc6 26.Rxc6 Rxe2 27.Rxb6 Rxa2 28.c5 Nd5 29.Rb7 Rd2
30.c6 Rc8 31.c7 Rd4 32.Rc6 Rxb4 33.Ra7  0-1

[Event "Moscow ZSKS"]
[Site "Moscow"]
[Date "1992.??.??"]
[Round "?"]
[White "Krasenkow, Michal"]
[Black "Karasev, Vladimir I"]
[Result "1/2-1/2"]
[WhiteElo "2495"]
[BlackElo "2380"]

1.Nf3 Nf6 2.c4 g6 3.Nc3 c5 4.d4 cxd4 5.Nxd4 Nc6 6.e4 Bg7 7.Be3 Ng4 8.Qxg4 Nxd4
9.Qd1 Ne6 10.Rc1 O-O 11.Bd3 d6 12.O-O Nc5 13.Bb1 Be6 14.b3 a5 15.f4 f5 16.Bd4 Rf7
17.exf5 Bxf5 18.Bxf5 gxf5 19.Rf3 e5 20.fxe5 Ne6 21.Rg3 f4 22.Rg4 Kh8 23.Nd5 Nxd4
24.Qxd4 dxe5 25.Qe4 Ra6 26.Rf1 Qc8 27.Rg5 Qc5+ 28.Rf2 Re6 29.Rh5 h6 30.Kf1 b5
31.Rc2 Rc6 32.Rh3 Qd4 33.Qxd4 exd4 34.Rf3 bxc4 35.bxc4 Rf5 36.Nxf4 Rfc5 37.Ra3 Rxc4
38.Rxc4 Rxc4 39.Rxa5 Rc2 40.a4 Ra2 41.h4 Kg8 42.Ra8+ Kh7 43.Ra7 Kg8 44.a5 Be5
45.Nd3 Bg3 46.a6 h5 47.Ra8+ Kg7 48.a7 Bxh4 49.Nb4 Ra3 50.Ke2 Be7 51.Nd3 h4
52.Kd2 Ra2+ 53.Kc1 Kf6 54.Kb1 Ra3 55.Kc2 Kf5 56.Kb2 Ke4 57.Nb4 Bxb4 58.Re8+ Kf4
59.a8=Q Rxa8 60.Rxa8 Kg3 61.Rg8+  1/2-1/2

[Event "New York Marshall CC"]
[Site "New York"]
[Date "1992.??.??"]
[Round "2"]
[White "Shure, Gary"]
[Black "Moskow, Eric"]
[Result "1/2-1/2"]
[WhiteElo "2220"]
[BlackElo "2240"]

1.Nf3 c5 2.c4 Nf6 3.Nc3 g6 4.d4 Bg7 5.Bg5 O-O 6.Qd2 cxd4 7.Nxd4 Nc6 8.Nc2 Qa5
9.e4 a6 10.f3 Rb8 11.Rb1 d6 12.b4 Qd8 13.Be2 Be6 14.O-O Ne5 15.Nd5  1/2-1/2

[Event "New York op"]
[Site "New York"]
[Date "1992.??.??"]
[Round "3"]
[White "Petursson, Margeir"]
[Black "Vulicevic, Nenad"]
[Result "1-0"]
[WhiteElo "2555"]
[BlackElo "2325"]

1.c4 Nf6 2.Nc3 c5 3.Nf3 e6 4.g3 b6 5.Bg2 Bb7 6.O-O Be7 7.d4 cxd4 8.Qxd4 O-O
9.Rd1 Qc8 10.Bf4 Rd8 11.Nb5 Ne8 12.Nd6 Nxd6 13.Bxd6 Bxd6 14.Qxd6 Qc5 15.Qf4 f6
16.Rd2 Na6 17.Rad1 Qe7 18.Qd6 Kf8 19.Qd3 g6 20.Qxd7 Rxd7 21.Rxd7 Nc5 22.Rxe7 Kxe7
23.Nd4 Bxg2 24.Kxg2 Rc8 25.b3 a6 26.f3 Kf7 27.Kf2 Rd8 28.Ke1 Rd6 29.Rd2 Ke7
30.Nc2 Rxd2 31.Kxd2 Kd6 32.Kc3 h5 33.Nb4 g5 34.Nd3 Nd7 35.Kd4 Nb8 36.b4 e5+
37.Kc3 Ke6 38.a4 Nc6 39.e3 g4 40.b5 axb5 41.axb5 Ne7 42.fxg4 hxg4 43.Nf2 f5
44.e4 Nc8 45.Kd3 Nd6 46.exf5+ Kxf5 47.Nd1 Kf6 48.Ne3 Kg5 49.Nd5 Nc8 50.c5 bxc5
51.Kc4 Kf5 52.Kxc5 Ke4 53.b6  1-0

[Event "NOR-ch"]
[Site "?"]
[Date "1992.??.??"]
[Round "4"]
[White "Gausel, Einar"]
[Black "Tisdall, Jonathan D"]
[Result "1-0"]
[WhiteElo "2485"]
[BlackElo "2435"]

1.Nf3 Nf6 2.c4 c5 3.Nc3 e6 4.g3 b6 5.Bg2 Bb7 6.O-O Be7 7.Re1 d5 8.cxd5 exd5
9.d4 O-O 10.b3 Na6 11.Bb2 Re8 12.Rc1 Ne4 13.e3 Bf6 14.Ne5 g6 15.f3 Nxc3 16.Bxc3 Rc8
17.f4 Bg7 18.Qd2 Qe7 19.f5 Qg5 20.fxg6 hxg6 21.Qf2 Rc7 22.Nd3 Rec8 23.Bh3 f5
24.Bb2 Re7 25.Bg2 Rce8 26.Nf4 Rd7 27.Bf1 cxd4 28.Bxd4 Bxd4 29.exd4 Rde7 30.Rxe7 Rxe7
31.h4 Qh6 32.Bxa6 Bxa6 33.Rc6 Rg7 34.Qe1 Kh7 35.Nxd5  1-0

[Event "NOR-ch"]
[Site "?"]
[Date "1992.??.??"]
[Round "6"]
[White "Gausel, Einar"]
[Black "Grotnes, Nils"]
[Result "1/2-1/2"]
[WhiteElo "2485"]
[BlackElo "2345"]

1.c4 c5 2.Nc3 e6 3.Nf3 Nf6 4.g3 d5 5.cxd5 Nxd5 6.Bg2 Nc6 7.O-O Be7 8.d4 O-O
9.Nxd5 exd5 10.dxc5 Bxc5 11.Ng5 h6 12.Qc2 Bxf2+ 13.Rxf2 hxg5 14.Qd2 d4 15.Qxg5 Qxg5
16.Bxg5 Be6 17.a3 f6 18.Bd2 Rfd8 19.e3 d3 20.Bc3 Bb3 21.Rd2 Rd7 22.Rf1 Re8
23.e4 Ne5 24.Bxe5 Rxe5 25.Rf3 Bc2 26.Rf5 Rde7 27.Kf2 b6 28.g4 Kf7 29.Ke3 g6
30.Rxe5 Rxe5 31.Bf1 f5 32.gxf5 gxf5 33.Bxd3 Bxd3 34.Rxd3 Rxe4+ 35.Kf3 Rh4
36.Rd7+ Ke6 37.Rxa7 Rxh2 38.b4 Ke5 39.Re7+ Kd4 40.a4 Rb2 41.b5 Rb4 42.Ra7 Kc4
43.Ra6 Kb3 44.Rxb6 Kxa4 45.Rb8 Rxb5 46.Rxb5 Kxb5 47.Kf4 Kc5 48.Kxf5  1/2-1/2

[Event "Norresundby op"]
[Site "Norresundby"]
[Date "1992.??.??"]
[Round "2"]
[White "Danielsen, Henrik"]
[Black "Pigusov, Evgeny"]
[Result "1/2-1/2"]
[WhiteElo "2390"]
[BlackElo "2550"]

1.Nf3 c5 2.c4 Nf6 3.Nc3 b6 4.g3 Bb7 5.Bg2 g6 6.b3 Bg7 7.Bb2 O-O 8.O-O Na6
9.d4 d5 10.dxc5 Nxc5 11.Nxd5 Nxd5 12.Bxg7 Kxg7 13.cxd5 Qxd5 14.Qxd5 Bxd5
15.Ne5 Bxg2 16.Kxg2 Rfc8 17.Rac1 f6 18.Nc4 Rc7 19.Rc2 Rd8 20.Rfc1 Ne6 21.e3 Rcd7
22.b4 g5 23.h3 h5 24.Kf3 g4+ 25.hxg4 Ng5+ 26.Ke2 hxg4 27.Rd2 Nf3 28.Rxd7 Rxd7
29.Rc2 f5 30.Nd2 Nxd2 31.Rxd2 Rc7 32.Kd3 Kf6 33.Rc2 Rd7+ 34.Ke2 e6 35.Rc6 Ke5
36.Rc4 Rh7 37.a4 Rh1 38.a5 Rb1 39.axb6 axb6 40.Rf4 Kf6 41.e4 Ke5 42.exf5 exf5
43.Kd2 b5 44.Ke2 Rb2+ 45.Kd3 Ra2 46.Ke3 Ra7 47.f3 Ra3+ 48.Kf2 Ra2+ 49.Kf1 gxf3
50.Rxf3 Rb2 51.Rf4 Rd2 52.Rh4 Rd4 53.Kg2 Rd2+  1/2-1/2

[Event "Oostende op"]
[Site "Oostende"]
[Date "1992.??.??"]
[Round "8"]
[White "Claesen, Pieter"]
[Black "Heinbuch, Detlef"]
[Result "0-1"]
[WhiteElo "2230"]
[BlackElo "2370"]

1.c4 c5 2.Nf3 Nf6 3.Nc3 b6 4.g3 Bb7 5.Bg2 a6 6.O-O e6 7.d4 cxd4 8.Qxd4 d6
9.Rd1 Qc7 10.Bg5 Nbd7 11.Rac1 Be7 12.Bxf6 Nxf6 13.Nd2 Bxg2 14.Kxg2 O-O 15.e4 Rfd8
16.Nf1 Qb7 17.a4 Nd7 18.Kg1 Bf6 19.Qe3 Nc5 20.b4 Bxc3 21.bxc5 Bb4 22.cxb6 Bc5
23.Qe2 Qxb6 24.Rb1 Qc6 25.Qc2 Rdc8 26.Nd2 a5 27.Rb5 Bb4 28.Rc1 h6 29.Nb3 Ra7
30.Qe2 Qc7 31.Qh5 Ra6 32.Rc2 Rc6 33.Nxa5 g6 34.Nxc6 gxh5 35.Nxb4 Ra8 36.c5 dxc5
37.Rcxc5 Qd7 38.a5 h4 39.Kg2 Qd4 40.Kf3 Qd1+ 41.Kg2 h3+ 42.Kxh3 Qf1+ 43.Kg4 Qxf2
44.Rc2 Qf1 45.Rbc5 Kh7 46.Nc6 Rg8+ 47.Kh4 Qf3 48.Kh3 Qg4+ 49.Kg2 Qxe4+ 50.Kg1 Rg5
51.R5c4 Qe1+ 52.Kg2 Rf5 53.Kh3 Qf1+ 54.Kh4 Rh5+  0-1

[Event "Oostende op"]
[Site "Oostende"]
[Date "1992.??.??"]
[Round "9"]
[White "Jolles, Hajo"]
[Black "Giddins, Stephen"]
[Result "1/2-1/2"]
[WhiteElo "2290"]
[BlackElo "2265"]

1.c4 Nf6 2.Nc3 c5 3.Nf3 e6 4.d4 cxd4 5.Nxd4 Bb4 6.g3 O-O 7.Bg2 d5 8.cxd5 Nxd5
9.Bd2 Nxc3 10.bxc3 Be7 11.O-O Nd7 12.Nb3 Qc7 13.c4 Rb8  1/2-1/2

[Event "Orel"]
[Site "Orel"]
[Date "1992.??.??"]
[Round "?"]
[White "Volzhin, Alexander"]
[Black "Godes, A."]
[Result "0-1"]
[WhiteElo "2405"]
[BlackElo "2395"]

1.c4 c5 2.Nf3 e6 3.Nc3 Nf6 4.e4 d6 5.d4 cxd4 6.Nxd4 Be7 7.Be3 O-O 8.Be2 Nc6
9.O-O Ne5 10.f4 Ng6 11.Qd2 a6 12.Kh1 Bd7 13.b4 Rc8 14.Nb3 b5 15.cxb5 axb5
16.a3 Qc7 17.Rfc1 Qb8 18.Bd3 Qa8 19.Nd4 e5 20.Ndxb5 Bxb5 21.Bxb5 exf4 22.Bd4 Nxe4
23.Nxe4 Qxe4 24.Qd3 Qa8 25.Qf3 Qb8 26.Bf1 d5 27.b5 Ne5 28.Qxf4 Bd6 29.Rxc8 Rxc8
30.Rc1 Rd8 31.Qg3 Ng6 32.Qc3 Bxh2 33.Bxg7 Bf4 34.Bf6 Bxc1 35.Bxd8 Qf4 36.Qf3 Qh6+
37.Qh3 Qf4 38.g3 Qf3+ 39.Bg2 Qd1+ 40.Kh2 Be3 41.Qc8 Bg1+ 42.Kh3 Nf4+ 43.gxf4 Qd3+
44.Bf3 Qxf3+ 45.Kh4 Qh1+ 46.Kg5 h6+ 47.Kf6 Bd4+ 48.Ke7 Qe4+ 49.Kd6 Kh7 50.b6 Be3
51.b7 Bxf4+ 52.Kc6 d4+ 53.Kc5 d3 54.Bc7 Be3+ 55.Kb5 Qd5+  0-1

[Event "Ostrava op"]
[Site "Ostrava"]
[Date "1992.??.??"]
[Round "4"]
[White "Tabatadze, Tamaz"]
[Black "Putjatina, Nadezhda"]
[Result "1-0"]
[WhiteElo "2365"]
[BlackElo "2105"]

1.c4 c5 2.Nf3 Nf6 3.Nc3 d5 4.cxd5 Nxd5 5.e4 Nb4 6.Bc4 Nd3+ 7.Ke2 Nf4+ 8.Kf1 Ne6
9.b4 cxb4 10.Ne2 g6 11.Bb2 Bg7 12.Bxe6 Bxb2 13.Bxf7+ Kf8 14.Bc4 Nc6 15.Rb1 Bf6
16.d4 Bg4 17.e5 Bg7 18.h3 Bf5 19.g4 Bxb1 20.Nf4 Qb6 21.Ne6+ Ke8 22.Nxg7+ Kd7
23.Qxb1 Nd8 24.Kg2 Rc8 25.Rc1 Rf8 26.Qe4 e6 27.Ng5 Rc6 28.N7xe6 Nxe6 29.Bxe6+ Rxe6
30.Qd5+  1-0

[Event "Oviedo rapid45"]
[Site "Oviedo"]
[Date "1992.??.??"]
[Round "6"]
[White "King, Daniel J"]
[Black "Tukmakov, Vladimir B"]
[Result "1/2-1/2"]
[WhiteElo "2505"]
[BlackElo "2535"]

1.c4 c5 2.Nf3 Nf6 3.Nc3 d5 4.cxd5 Nxd5 5.g3 Nc6 6.Bg2 Nc7 7.a3 e6 8.O-O Be7
9.d3 O-O 10.Nd2 Nd5 11.Nc4 b6 12.f4 Bb7 13.f5 Nxc3 14.bxc3 exf5 15.Rxf5 Qd7
16.Qf1 Rad8 17.a4 f6 18.Rb1 Ba8 19.a5 b5 20.Rd5 Qb7 21.Qf5 Nb4 22.cxb4 Rxd5
23.Qe6+ Kh8 24.Ne3 Re5 25.Qxe5 Qxg2+ 26.Nxg2 fxe5 27.bxc5  1/2-1/2